La chancleta perdida y otros casos secretos = The missing chancleta and other top-secret cases / (Record no. 16162)

MARC details
000 -LEADER
fixed length control field 03666cam a2200661 i 4500
001 - CONTROL NUMBER
control field 545721
003 - CONTROL NUMBER IDENTIFIER
control field UtOrBLW
005 - DATE AND TIME OF LATEST TRANSACTION
control field 20161012115028.0
008 - FIXED-LENGTH DATA ELEMENTS--GENERAL INFORMATION
fixed length control field 130821s2013 txua c 000 1 eng
010 ## - LIBRARY OF CONGRESS CONTROL NUMBER
LC control number 2013029355
020 ## - INTERNATIONAL STANDARD BOOK NUMBER
International Standard Book Number 9781558857797 (pbk. : alk. paper)
020 ## - INTERNATIONAL STANDARD BOOK NUMBER
International Standard Book Number 1558857796 (pbk. : alk. paper)
035 ## - SYSTEM CONTROL NUMBER
System control number (OCoLC)840460786
040 ## - CATALOGING SOURCE
Original cataloging agency DLC
Language of cataloging eng
Description conventions rda
Transcribing agency DLC
Modifying agency BTCTA
-- BDX
-- FOLLT
-- IFA
-- UtOrBLW
041 1# - LANGUAGE CODE
Language code of text/sound track or separate title eng
-- spa
Language code of original eng
049 ## - LOCAL HOLDINGS (OCLC)
Holding library IFAA
099 ## - LOCAL FREE-TEXT CALL NUMBER (OCLC)
Classification number CHILDREN ESPANOL FICTION VICENTE 2013
100 1# - MAIN ENTRY--PERSONAL NAME
Personal name Vicente, Alidis,
Relator term author.
245 13 - TITLE STATEMENT
Title La chancleta perdida y otros casos secretos = The missing chancleta and other top-secret cases /
Statement of responsibility, etc. por/by Alidis Vincente ; ilustraciones de/cover and inside illustrations by Leonardo Mora ; traducción al español de Gabriela Baeza Ventura.
246 31 - VARYING FORM OF TITLE
Title proper/short title The missing chancleta and other top-secret cases
260 ## - PUBLICATION, DISTRIBUTION, ETC. (IMPRINT)
Place of publication, distribution, etc. Houston, Texas :
Name of publisher, distributor, etc. Piñata Books/Arte Público Press,
Date of publication, distribution, etc. [2013]
264 #1 - PRODUCTION, PUBLICATION, DISTRIBUTION, MANUFACTURE, AND COPYRIGHT NOTICE
Place of production, publication, distribution, manufacture Houston, Texas :
Name of producer, publisher, distributor, manufacturer Piñata Books/Arte Público Press,
Date of production, publication, distribution, manufacture, or copyright notice [2013]
300 ## - PHYSICAL DESCRIPTION
Extent 34 pages, 34 pages :
Other physical details illustrations ;
Dimensions 22 cm
336 ## - CONTENT TYPE
Content type term text
Content type code txt
Source rdacontent
337 ## - MEDIA TYPE
Media type term unmediated
Media type code n
Source rdamedia
338 ## - CARRIER TYPE
Carrier type term volume
Carrier type code nc
Source rdacarrier
500 ## - GENERAL NOTE
General note Translation of: The missing chancleta and other top-secret cases
500 ## - GENERAL NOTE
General note Titles from separate title pages; works issued back-to-back and inverted.
520 ## - SUMMARY, ETC.
Summary, etc. Second-grader Flaca investigates three mysteries, from her missing flip flop, to who put a food she is allergic to in her lunch, to how she will find her dancing ability before performing salsa at her sister's quinceañera.
521 8# - TARGET AUDIENCE NOTE
Target audience note 600
Source Lexile
526 0# - STUDY PROGRAM INFORMATION NOTE
Program name Accelerated Reader
Interest level LG
Reading level 4.2
Title point value 1.0
Public note 166961
546 ## - LANGUAGE NOTE
Language note Text in English and Spanish.
650 #0 - SUBJECT ADDED ENTRY--TOPICAL TERM
Topical term or geographic name as entry element Lost articles
Form subdivision Juvenile fiction.
650 #0 - SUBJECT ADDED ENTRY--TOPICAL TERM
Topical term or geographic name as entry element Food allergy
Form subdivision Juvenile fiction.
650 #0 - SUBJECT ADDED ENTRY--TOPICAL TERM
Topical term or geographic name as entry element Salsa (Dance)
Form subdivision Juvenile fiction.
650 #0 - SUBJECT ADDED ENTRY--TOPICAL TERM
Topical term or geographic name as entry element Hispanic Americans
Form subdivision Juvenile fiction.
650 #0 - SUBJECT ADDED ENTRY--TOPICAL TERM
Topical term or geographic name as entry element Upside-down books
Form subdivision Specimens
-- Juvenile literature.
650 #0 - SUBJECT ADDED ENTRY--TOPICAL TERM
Topical term or geographic name as entry element Spanish language materials
General subdivision Bilingual
Form subdivision Juvenile literature.
650 #0 - SUBJECT ADDED ENTRY--TOPICAL TERM
Topical term or geographic name as entry element Detective and mystery stories
Form subdivision Juvenile literature.
650 #7 - SUBJECT ADDED ENTRY--TOPICAL TERM
Topical term or geographic name as entry element Objetos perdidos
Form subdivision Novela juvenil.
Source of heading or term bidex
650 #7 - SUBJECT ADDED ENTRY--TOPICAL TERM
Topical term or geographic name as entry element Alergia a los alimentos
Form subdivision Novela juvenil.
Source of heading or term bidex
650 #7 - SUBJECT ADDED ENTRY--TOPICAL TERM
Topical term or geographic name as entry element Salsa (Baile)
Form subdivision Novela juvenil.
Source of heading or term bidex
650 #7 - SUBJECT ADDED ENTRY--TOPICAL TERM
Topical term or geographic name as entry element Hispanoestadounidenses
Form subdivision Novela juvenil.
Source of heading or term bidex
650 #7 - SUBJECT ADDED ENTRY--TOPICAL TERM
Topical term or geographic name as entry element Libros al revés
General subdivision Especímenes
Form subdivision Literatura juvenil.
Source of heading or term local
650 #7 - SUBJECT ADDED ENTRY--TOPICAL TERM
Topical term or geographic name as entry element Materiales bilingües en español
Form subdivision Literatura juvenil.
Source of heading or term bidex
650 #7 - SUBJECT ADDED ENTRY--TOPICAL TERM
Topical term or geographic name as entry element Novela policíaca
Form subdivision Literatura juvenil.
Source of heading or term bidex
700 1# - ADDED ENTRY--PERSONAL NAME
Personal name Mora, Leonardo,
Relator term illustrator.
700 1# - ADDED ENTRY--PERSONAL NAME
Personal name Ventura, Gabriela Baeza,
Relator term translator.
700 12 - ADDED ENTRY--PERSONAL NAME
Personal name Vicente, Alidis.
Title of a work Missing chancleta and other top-secret cases.
700 12 - ADDED ENTRY--PERSONAL NAME
Personal name Vicente, Alidis.
Title of a work Missing chancleta and other top-secret cases.
Language of a work Spanish.
942 ## - ADDED ENTRY ELEMENTS (KOHA)
Koha item type Libro/Book
Holdings
Withdrawn status Lost status Source of classification or shelving scheme Damaged status Not for loan Home library Current library Shelving location Date acquired Inventory number Total Checkouts Full call number Barcode Date last seen Date checked out Price effective from Koha item type Total Renewals
          Capulin -- Satellite Capulin -- Satellite   15/04/2019 Inventory date: 7/7/25     35100335 15/04/2019   15/04/2019 Libro/Book  
    Dewey Decimal Classification     San Juan Del Sur -- Biblioteca San Juan Del Sur -- Biblioteca English 24/07/2015 Inventory date: 15-5-25 2 JF 30007116 26/09/2019 20/09/2019 24/07/2015 Libro/Book  
          San Juan Del Sur -- Mobile San Juan Del Sur -- Mobile   29/08/2016 Inventory date: 10-2-25 6 JF 33014260 05/11/2024 22/10/2024 29/08/2016 Libro/Book  

Powered by Koha